Guangzhou City Trivia - Statistics

General Stats
  • This quiz has been taken 35 times
  • The average score is 14 of 20
Answer Stats
Hint Answer % Correct
Special administrative regions to the south Hong Kong
94%
Chinese province that Guangzhou is the capital of Guangdong
91%
Special administrative regions to the south Macau
91%
Greater metropolitan region {Pearl} River Delta
91%
Second-largest city of the above region, located southeast of Guangzhou Shenzhen
91%
Guangzhou used to be called this in English Canton
88%
Guangzhou had the only Chinese ____ open to foreign traders from 1757 to 1842 Port
88%
Two wars in which the British and French captured Guangzhou {Opium} Wars
84%
Bite size Guangzhou cuisine {Dim} sum
81%
Country that invaded Guangzhou in 1938 Japan
78%
Closest sovereign UN country to Guangzhou Vietnam
75%
Main pedestrian street in the Yuexiu District (hint: another Chinese city) {Beijing} Road
72%
The two main exports around that time (name either) Tea / Porcelain
72%
Mountain with a name that means "white clouds" {Baiyun} Mountain
56%
"Father of Modern China" born in the nearby village of Cuiheng Sun Yat-sen
56%
Huangpu contains the original ______ academy of the ROC (now Taiwan) Military
50%
Island district home to the Canton Tower {Hai}zhu
44%
Actor and martial artist best known for portraying Ip Man Donnie Yen
38%
Nickname of Guangzhou that refers to a legend of five heroes riding these animals City of {Rams}
22%
Director of Face/Off and Red Cliff, born in Guangzhou John Woo
19%
No matching quizzes found
Score Distribution
Percent of People with Each Score
Percentile by Number Answered
Your Score History
You have not taken this quiz